000 00511nam a22001697a 4500
999 _c15718
_d15718
003 OSt
082 _a631.3
_bAIS/D
088 _aP 452
100 _aAiswarya Santhosh
_94250
100 _aAmit Kumar
_94251
100 _aAmrutha K
_94252
100 _aSreehari M
_94253
245 _aDevelopment and evaluation of a dry seeding attachment to a riding type rice transplanter
260 _aTavanur
_bDepartment of Farm machinery and power engineering
_c2019
700 _aShaji James P (Guide)
_93231
942 _cPR